Social psychology and human nature / (Record no. 1455)

MARC details
000 -LEADER
fixed length control field 00758nam a22002417a 4500
003 - CONTROL NUMBER IDENTIFIER
control field BD-DhJNU
005 - DATE AND TIME OF LATEST TRANSACTION
control field 20250306060027.0
008 - FIXED-LENGTH DATA ELEMENTS--GENERAL INFORMATION
fixed length control field 250306b |||||||| |||| 00| 0 eng d
020 ## - INTERNATIONAL STANDARD BOOK NUMBER
International Standard Book Number 9780534638320
020 ## - INTERNATIONAL STANDARD BOOK NUMBER
International Standard Book Number 9780534638325
040 ## - CATALOGING SOURCE
Original cataloging agency BD-DhJNU
Language of cataloging ENG
Transcribing agency BD-DhJNU
Modifying agency BD-DhJNU
082 ## - DEWEY DECIMAL CLASSIFICATION NUMBER
Edition number 23
Classification number 302 BAS
100 ## - MAIN ENTRY--PERSONAL NAME
Personal name Baumeister, Roy F.
245 ## - TITLE STATEMENT
Title Social psychology and human nature /
Statement of responsibility, etc. Roy F. Baumeister, Brad J. Bushman
250 ## - EDITION STATEMENT
Edition statement 8thed.
260 ## - PUBLICATION, DISTRIBUTION, ETC.
Place of publication, distribution, etc. United State of America :
Name of publisher, distributor, etc. Thomson Higher Education,
Date of publication, distribution, etc. 2008.
300 ## - PHYSICAL DESCRIPTION
Extent xxx, 507, [60] p. :
Other physical details ill. ;
Dimensions 28 cm
504 ## - BIBLIOGRAPHY, ETC. NOTE
Bibliography, etc. note Includes bibliographical references and index
650 ## - SUBJECT ADDED ENTRY--TOPICAL TERM
Topical term or geographic name entry element Social psychology
650 ## - SUBJECT ADDED ENTRY--TOPICAL TERM
Topical term or geographic name entry element Human behavior
700 ## - ADDED ENTRY--PERSONAL NAME
Personal name Bushman, Brad J.
942 ## - ADDED ENTRY ELEMENTS (KOHA)
Source of classification or shelving scheme Dewey Decimal Classification
Koha item type Books
Suppress in OPAC No
Holdings
Withdrawn status Lost status Source of classification or shelving scheme Damaged status Not for loan Collection Home library Current library Shelving location Date acquired Source of acquisition Total checkouts Full call number Barcode Date last seen Copy number Price effective from Koha item type
    Dewey Decimal Classification     Non-fiction Jagannath University Central Library Jagannath University Central Library General stacks 03/06/2025 Purchased   302 BAS JNUCL33080 03/06/2025 2 03/06/2025 Books
    Dewey Decimal Classification     Non-fiction Jagannath University Central Library Jagannath University Central Library General stacks 03/06/2025 Purchased   302 BAS JNUCL33082 03/06/2025 1 03/06/2025 Books